000 01001nam a22003137a 4500
003 CHAP
005 20220817044157.0
008 070827d1999 mx r 00110 spa d
010 _a93922
011 _a94894
020 _a9706401237
035 _a105493
040 _cCHAP
082 0 4 _a338.972
_bS63
100 1 _aSolís Manjarrez, Leopoldo.
_9108445
245 1 0 _aEvolución de la economía mexicana
_c/por Leopoldo Solís M.
260 _aMéxico, D.F. :
_bEl Colegio Nacional,
_c1999
300 _a412 p. :
_bgráfs. ; cuadros.
590 _aBATCH-UPD
_b10
_c20130110
_lUCH01
_h0856
590 _aBATCH-UPD
_b10
_c20130410
_lUCH01
_h0527
590 _aBATCH-UPD
_b10
_c20130914
_lUCH01
_h1824
590 _aCONVERSION
_b10
_c20130109
_lUCH01
_h1352
650 1 4 _aMéxico
_xCondiciones económicas.
650 1 4 _aPolítica económica
_zMéxico.
_990535
901 _aBK
905 _aElisama A. H.
942 _cLIBRO
949 _a338.972 S63
_bBC
_cLIBRO
_d33724002037231
_eLIBRO
_h108745
_i105493
_sb
999 _c93922
_d93922